00964nam a22002535a 450000500170000000800410001702000180005804000280007608200190010410000240012324501110014725000250025826000460028330000290032950000240035850000300038265000400041265000340045265100100048665300370049694200080053399900170054195201520055820201128021516.0150818r20142010ii a fr 001 0 eng d a9789350140017 aEG-ScBUEbengdEG-ScBUE04222a658.5bVER1 aVerma, A. P.93884710aOperations management :bfor polytechnics (engineering diploma courses) and MBA courses /cby A. P. Verma. a1st ed., Reprint ed. aNew Delhi :bS. K. Kataria & Sons,c2014. a162 p. :bill. ;c24 cm. aIndex : p. 157-162. aReprinted of the 2010 ed. 72BUEsh91855aProduction management. aIndustrial engineering2BUEsh 2BUEsh bBUSADMcAugust2015cDecember2015 2ddc c20590d20562 00102ddc40708BaccahaMAINbMAINc1STd2015-08-18ePurchaseg107.00h21758l1o658.5 VERp000039789r2025-07-15 00:00:00s2018-11-07v133.75yBB